000 00456nam a2200145 i 4500
001 bg
100 1 _aSCHONBURG, K.
245 0 _aRoboty antykorozyjne w budownictwie metalowym. :
_bPoradnik progamowany /
_cK. Schonburg.
260 _aWarszawa,
_c1976.
040 _cBPK
041 _apol
942 _cKS
008 s pl f |000 0 pol
856 _uhttp://koha.tu.koszalin.pl/cgi-bin/koha/opac-detail.pl?biblionumber=5031
_yKatalog online BPK
999 _c5031
_d5031